[Event "AUT-ch"]
[Site "Graz"]
[Date "2017.08.16"]
[Round "5"]
[White "Breneis, Lukas"]
[Black "Legenstein, Robert"]
[Result "1-0"]
[WhiteElo "2178"]
[BlackElo "2067"]
[PlyCount "105"]
[EventDate "2017.08.12"]
[EventType "swiss"]
[EventRounds "9"]
[EventCountry "AUT"]
[SourceTitle "CBM 180 Extra"]
[Source "ChessBase"]
[SourceDate "2017.10.06"]
[SourceVersion "1"]
[SourceVersionDate "2017.10.06"]
[SourceQuality "1"]

1. Nf3 d5 2. g3 Nf6 3. Bg2 Bf5 4. 0-0 e6 5. d3 h6 6. c4 c6 7. cxd5 exd5 8. Bf4 Be7 9. Nc3 0-0 10. Nd4 Bg6 11. e4 dxe4 12. dxe4 Bb4 13. e5 Bxc3 14. bxc3 Nd5 15. Qf3 Na6 16. Rad1 Qa5 17. c4 Nb6 18. Rfe1 Rad8 19. Nb3 Qxa2 20. e6 Rxd1 21. exf7+ Bxf7 22. Qxd1 Bxc4 23. Nc1 Qb2 24. Be4 Qf6 25. Qc2 Bd5 26. Be5 Bxe4 27. Rxe4 Qd8 28. Bxg7 Kxg7 29. Rg4+ Kh8 30. Nd3 Qf6 31. Nf4 Rg8 32. Ng6+ Rxg6 33. Rxg6 Qf8 34. Qc3+ Kh7 35. Rf6 Qg7 36. Qf3 Kg8 37. Qf5 Nd5 38. Rg6 Nac7 39. Rxg7+ Kxg7 40. h4 Nf6 41. Qc8 Nfd5 42. Qxb7 c5 43. Qxa7 c4 44. Qd4+ Kf7 45. Qxc4 h5 46. g4 hxg4 47. Qxg4 Nf6 48. Qf5 Nce8 49. h5 Ng7 50. Qg6+ Kg8 51. Qxf6 Nxh5 52. Qg6+ Ng7 53. f4 1-0

[Event "Steyr Landesliga 1516"]
[Site "Austria"]
[Date "2016.04.09"]
[Round "10.6"]
[White "Brunnsteiner, Mario"]
[Black "Legenstein, Robert"]
[Result "1-0"]
[WhiteElo "2184"]
[BlackElo "2112"]
[PlyCount "127"]
[EventDate "2015.09.26"]
[EventType "team-tourn"]
[EventRounds "11"]
[EventCountry "AUT"]
[SourceTitle "EXT 2017"]
[Source "ChessBase"]
[SourceDate "2016.10.25"]
[SourceVersion "1"]
[SourceVersionDate "2016.10.25"]
[SourceQuality "1"]
[WhiteTeam "Leoben"]
[BlackTeam "Graz Styria"]
[WhiteTeamCountry "AUT"]
[BlackTeamCountry "AUT"]

1. Nf3 d5 2. c4 d4 3. d3 Nc6 4. g3 e5 5. Bg2 Nf6 6. 0-0 a5 7. Na3 Bc5 8. Bg5 0-0 9. Rb1 Re8 10. Nb5 Bf5 11. Nh4 Bg6 12. Nxg6 hxg6 13. Qa4 Qd7 14. Rbd1 Nd8 15. Qc2 c6 16. Na3 Qf5 17. Bc1 Ne6 18. Nb1 Nh7 19. Be4 Qh5 20. Bf3 Qh3 21. Bg2 Qf5 22. Nd2 Nhg5 23. Nf3 Nxf3+ 24. Bxf3 Ng5 25. Bxg5 Qxg5 26. a3 a4 27. Rb1 Re7 28. Ra1 f5 29. Rfb1 Qf6 30. b4 axb3 31. Rxb3 e4 32. Bg2 f4 33. Rab1 f3 34. exf3 exf3 35. Bf1 b6 36. Qd1 Re5 37. Bh3 Rae8 38. Bg4 Re2 39. Kf1 R8e5 40. R3b2 Kh7 41. a4 Qf8 42. h3 Ba3 43. Rxb6 c5 44. a5 Bb4 45. a6 Re1+ 46. Qxe1 Rxe1+ 47. Rxe1 Bxe1 48. Kxe1 Qe8+ 49. Re6 Qf7 50. Kf1 Kh6 51. Kg1 Kh7 52. h4 Qf8 53. Rc6 Qf7 54. Kh2 Kh8 55. Rxc5 Kh7 56. Ra5 Qc7 57. Ra2 Qa7 58. Bxf3 g5 59. hxg5 Kg6 60. Ra5 Qb6 61. Be4+ Kh5 62. a7 Qxa5 63. a8Q Qxg5 64. Qh8+ 1-0

[Event "Steyr Landesliga 1415"]
[Site "Austria"]
[Date "2015.03.21"]
[Round "9.6"]
[White "Legenstein, Robert"]
[Black "Wurm, Christoph"]
[Result "1-0"]
[WhiteElo "2081"]
[BlackElo "2098"]
[PlyCount "47"]
[EventDate "2014.09.27"]
[EventType "team-tourn"]
[EventRounds "11"]
[EventCountry "AUT"]
[SourceTitle "EXT 2016"]
[Source "ChessBase"]
[SourceDate "2015.10.08"]
[SourceVersion "1"]
[SourceVersionDate "2015.10.08"]
[SourceQuality "1"]
[WhiteTeam "Graz Styria"]
[BlackTeam "Leoben"]
[WhiteTeamCountry "AUT"]
[BlackTeamCountry "AUT"]

1. e4 c5 2. Nf3 e6 3. d4 cxd4 4. Nxd4 Nc6 5. Nc3 a6 6. Be3 Nxd4 7. Qxd4 b5 8. Be2 Ne7 9. Qd2 Nc6 10. f4 Qc7 11. 0-0 Na5 12. f5 Bc5 13. Bxc5 Qxc5+ 14. Kh1 Bb7 15. fxe6 dxe6 16. Rxf7 Bc6 17. Raf1 Qe5 18. Nxb5 axb5 19. Qb4 0-0-0 20. Qxa5 Bxe4 21. Qa6+ Kb8 22. Qb6+ Kc8 23. Bxb5 Bxg2+ 24. Kg1 1-0

[Event "Graz Land-ch"]
[Site "Graz"]
[Date "2014.09.08"]
[Round "1"]
[White "Lammer, Michael"]
[Black "Legenstein, Robert"]
[Result "0-1"]
[WhiteElo "1537"]
[BlackElo "2081"]
[PlyCount "120"]
[EventDate "2014.09.08"]
[EventType "swiss"]
[EventRounds "7"]
[EventCountry "AUT"]
[SourceTitle "CBM 162 Extra"]
[Source "ChessBase"]
[SourceDate "2014.10.17"]
[SourceVersion "1"]
[SourceVersionDate "2014.10.17"]
[SourceQuality "1"]

1. d4 d5 2. g3 Nf6 3. Bg2 Bf5 4. Nd2 e6 5. c4 Nc6 6. Ngf3 dxc4 7. 0-0 Be7 8. Nxc4 0-0 9. e3 Nb4 10. a3 Bd3 11. axb4 Bxc4 12. Re1 Bxb4 13. Bd2 Bxd2 14. Nxd2 Bd5 15. e4 Bc6 16. Nb3 Re8 17. Na5 Qd7 18. Nxc6 Qxc6 19. Qb3 Qb6 20. Qxb6 axb6 21. e5 Nd5 22. Rec1 c6 23. Be4 Kf8 24. Bd3 g6 25. Be4 Ke7 26. Bg2 Red8 27. Rd1 Nc7 28. Bf1 Nd5 29. Bd3 Nb4 30. Be4 Rxa1 31. Rxa1 Rxd4 32. Bg2 Nd3 33. Ra7 Rd7 34. f4 Nxb2 35. Bf3 Nc4 36. Be2 Na5 37. Kf2 Rd8 38. Ba6 Rb8 39. Be2 Kd8 40. Kf3 Kc7 41. Ke4 h6 42. h4 Rg8 43. Kf3 Kb8 44. Rxa5 bxa5 45. Ke3 Rd8 46. Bd3 c5 47. Bc4 Kc7 48. Bb5 Kb6 49. Bc4 h5 50. Ke2 a4 51. Bd3 Ka5 52. Be4 a3 53. Bb1 Kb4 54. Ba2 Kc3 55. Bb1 Kb2 56. Be4 a2 57. Bxb7 a1Q 58. Kf2 Rd2+ 59. Ke3 Qe1+ 60. Kf3 Qe2# 0-1

[Event "Steyr Landesliga 1314"]
[Site "Austria"]
[Date "2014.03.29"]
[Round "10.6"]
[White "Legenstein, Robert"]
[Black "Kiss, Balint"]
[Result "1-0"]
[WhiteElo "2043"]
[BlackElo "1922"]
[PlyCount "127"]
[EventDate "2013.09.28"]
[EventType "team-tourn"]
[EventRounds "11"]
[EventCountry "AUT"]
[SourceTitle "EXT 2015"]
[Source "ChessBase"]
[SourceDate "2014.11.20"]
[SourceVersion "1"]
[SourceVersionDate "2014.11.20"]
[SourceQuality "1"]
[WhiteTeam "Graz Styria"]
[BlackTeam "Hartberg"]
[WhiteTeamCountry "AUT"]
[BlackTeamCountry "AUT"]

1. e4 e5 2. Nf3 Nc6 3. Bb5 a6 4. Ba4 Nf6 5. 0-0 Be7 6. Re1 b5 7. Bb3 d6 8. c3 0-0 9. h3 Nb8 10. d4 Nbd7 11. Nbd2 Bb7 12. Bc2 Re8 13. Nf1 Bf8 14. Ng3 g6 15. a4 c5 16. d5 c4 17. Bg5 h6 18. Be3 Bg7 19. Qd2 Kh7 20. Ra3 Qc7 21. Rea1 Nc5 22. Qd1 Nfd7 23. axb5 axb5 24. Rxa8 Rxa8 25. Rxa8 Bxa8 26. Qa1 Bb7 27. Qa7 Na6 28. Nd2 Ndc5 29. b3 cxb3 30. Bxb3 Bf8 31. Bd1 Bc8 32. Qxc7 Nxc7 33. Be2 f5 34. Bxc5 dxc5 35. f3 f4 36. Nh1 c4 37. Nf2 Kg7 38. Kf1 Kf7 39. Ke1 Bc5 40. Ng4 Bxg4 41. hxg4 Kf6 42. Kd1 Kg5 43. Ke1 Kh4 44. Bxc4 bxc4 45. Nxc4 Nb5 46. Nxe5 Kg5 47. Kd2 Bd6 48. Nf7+ Kf6 49. Nxd6 Nxd6 50. Kd3 Ke5 51. c4 Nb7 52. Kc3 Nc5 53. Kb4 Nd3+ 54. Kb5 Kd6 55. Kb6 h5 56. gxh5 gxh5 57. Kb5 h4 58. Kb6 Ne5 59. c5+ Kd7 60. Kb7 Nc4 61. c6+ Ke7 62. c7 Nd6+ 63. Kc6 Nc8 64. e5 1-0

[Event "Graz Casino op-A"]
[Site "Graz"]
[Date "2014.02.14"]
[Round "1"]
[White "Legenstein, Robert"]
[Black "Baldauf, Marco"]
[Result "1/2-1/2"]
[WhiteElo "2050"]
[BlackElo "2396"]
[PlyCount "90"]
[EventDate "2014.02.14"]
[EventType "swiss"]
[EventRounds "9"]
[EventCountry "AUT"]
[SourceTitle "CBM 158 Extra"]
[Source "ChessBase"]
[SourceDate "2014.02.28"]
[SourceVersion "1"]
[SourceVersionDate "2014.02.28"]
[SourceQuality "1"]

1. e4 e5 2. Nf3 Nc6 3. Bb5 Nf6 4. 0-0 Nxe4 5. d4 Nd6 6. Bxc6 dxc6 7. dxe5 Nf5 8. Qxd8+ Kxd8 9. Nc3 Ne7 10. Ng5 Ke8 11. Re1 h6 12. Nge4 Ng6 13. f4 Bb4 14. Ng3 Bxc3 15. bxc3 Ne7 16. Ba3 h5 17. Ne4 Nf5 18. e6 fxe6 19. Ng5 Rh6 20. Re2 b6 21. Rae1 c5 22. Nxe6 Bxe6 23. Rxe6+ Rxe6 24. Rxe6+ Kf7 25. Re5 Nd6 26. Rxh5 Nc4 27. Bxc5 bxc5 28. Rxc5 Nd6 29. Rxc7+ Kf6 30. g4 a5 31. c4 a4 32. Rc6 Ke7 33. Rc7+ Kf6 34. Rc6 Ke7 35. Rc7+ Ke6 36. c5 Ne8 37. Rb7 Kd5 38. h4 Ke4 39. Rf7 Kf3 40. g5 Rd8 41. h5 Rd1+ 42. Kh2 Rd2+ 43. Kh3 Rd1 44. Kh2 Rd2+ 45. Kh3 Rd1 1/2-1/2

[Event "Graz op-A 19th"]
[Site "Graz"]
[Date "2012.09.01"]
[Round "8"]
[White "Legenstein, Robert"]
[Black "Cmor, Nino"]
[Result "1/2-1/2"]
[WhiteElo "2048"]
[BlackElo "1863"]
[PlyCount "87"]
[EventDate "2012.08.25"]
[EventType "swiss"]
[EventRounds "9"]
[EventCountry "AUT"]
[SourceTitle "CBM 150 Extra"]
[Source "ChessBase"]
[SourceDate "2012.10.19"]
[SourceVersion "1"]
[SourceVersionDate "2012.10.19"]
[SourceQuality "1"]

1. e4 c5 2. Nf3 d6 3. d4 cxd4 4. Nxd4 Nf6 5. Nc3 a6 6. Bg5 e6 7. f4 h6 8. Bh4 Be7 9. Qf3 Qc7 10. 0-0-0 Nbd7 11. Bd3 g5 12. fxg5 Ne5 13. Qe2 Nfg4 14. Bg3 hxg5 15. Nf3 Bd7 16. Nxe5 Nxe5 17. Bxe5 dxe5 18. Rdf1 f6 19. h4 gxh4 20. g3 h3 21. Qg4 0-0-0 22. Rxh3 Rxh3 23. Qxh3 Kb8 24. Qh7 Bb4 25. Nd1 Qc8 26. Kb1 Rg8 27. Qf7 Rf8 28. Qg7 Ka8 29. Ne3 Bc6 30. g4 Qb8 31. Nc4 Qd8 32. a3 Be7 33. Rh1 Rg8 34. Qf7 Rxg4 35. Rh7 Bc5 36. Qh5 Rg1+ 37. Ka2 Qd4 38. Rh8+ Ka7 39. Na5 Bxe4 40. Nb3 Bd5 41. Qe8 Bxb3+ 42. Kxb3 Qd5+ 43. Bc4 Rg3+ 44. c3 1/2-1/2

[Event "Graz op-A 19th"]
[Site "Graz"]
[Date "2012.08.30"]
[Round "6"]
[White "Legenstein, Robert"]
[Black "Goessler, Markus"]
[Result "0-1"]
[WhiteElo "2048"]
[BlackElo "2136"]
[PlyCount "114"]
[EventDate "2012.08.25"]
[EventType "swiss"]
[EventRounds "9"]
[EventCountry "AUT"]
[SourceTitle "CBM 150 Extra"]
[Source "ChessBase"]
[SourceDate "2012.10.19"]
[SourceVersion "1"]
[SourceVersionDate "2012.10.19"]
[SourceQuality "1"]

1. e4 e5 2. Nf3 Nc6 3. Bb5 a6 4. Ba4 d6 5. 0-0 Bd7 6. c3 Nf6 7. Re1 g6 8. d4 b5 9. Bb3 Bg7 10. dxe5 Nxe5 11. Nxe5 dxe5 12. Bg5 0-0 13. Nd2 Qe7 14. Nf1 Rfd8 15. Ne3 c6 16. f3 Be6 17. Qe2 Rd6 18. Nf1 h6 19. Be3 Rdd8 20. Bxe6 Qxe6 21. Nd2 Nd7 22. Nb3 Bf8 23. Red1 a5 24. Qf2 a4 25. Nc5 Nxc5 26. Bxc5 Qxa2 27. Bxf8 Rxd1+ 28. Rxd1 Rxf8 29. Qd2 Qb3 30. Re1 a3 31. bxa3 Qxa3 32. Rc1 Kg7 33. Rc2 Ra8 34. Kf2 Qc5+ 35. Qe3 Qc4 36. Qe2 Qb3 37. Qd2 Ra3 38. Ke2 Qc4+ 39. Qd3 Qc5 40. Qe3 Qc4+ 41. Qd3 Qxd3+ 42. Kxd3 b4 43. Kc4 Rxc3+ 44. Rxc3 bxc3 45. Kxc3 Kf6 46. Kc4 Ke6 47. Kc5 Kd7 48. h4 Kc7 49. g3 h5 50. f4 exf4 51. gxf4 f6 52. Kc4 Kd6 53. Kd4 Ke6 54. Kc5 g5 55. fxg5 fxg5 56. hxg5 h4 57. g6 h3 0-1

[Event "Graz op-A 19th"]
[Site "Graz"]
[Date "2012.08.29"]
[Round "5"]
[White "Loebler, Heimo"]
[Black "Legenstein, Robert"]
[Result "1-0"]
[WhiteElo "2124"]
[BlackElo "2048"]
[PlyCount "175"]
[EventDate "2012.08.25"]
[EventType "swiss"]
[EventRounds "9"]
[EventCountry "AUT"]
[SourceTitle "CBM 150 Extra"]
[Source "ChessBase"]
[SourceDate "2012.10.19"]
[SourceVersion "1"]
[SourceVersionDate "2012.10.19"]
[SourceQuality "1"]

1. c4 e5 2. Nc3 Nf6 3. Nf3 Nc6 4. a3 d5 5. cxd5 Nxd5 6. e4 Nf4 7. d4 exd4 8. Bxf4 dxc3 9. Qxd8+ Nxd8 10. bxc3 Ne6 11. Bg3 Be7 12. Bc4 0-0 13. 0-0 c6 14. a4 Nc5 15. Rfe1 Be6 16. Bxe6 fxe6 17. Nd4 Rad8 18. a5 Kf7 19. a6 Nxa6 20. Nxc6 Rc8 21. Nxe7 Kxe7 22. Reb1 Nc5 23. Rxa7 Ra8 24. Rxa8 Rxa8 25. f3 Kf6 26. h4 Ra6 27. Rb5 Rc6 28. Bf2 Nd3 29. Rxb7 Nxf2 30. Kxf2 Rxc3 31. Kg3 h5 32. Rb5 e5 33. Rb8 g6 34. Rb6+ Kf7 35. Rb2 Kf6 36. Kf2 Ra3 37. g3 Rc3 38. Kg2 Re3 39. Kf2 Ra3 40. Re2 Ke6 41. Kg2 Rb3 42. g4 hxg4 43. fxg4 Kf6 44. g5+ Kg7 45. Ra2 Re3 46. Ra7+ Kg8 47. Ra4 Kg7 48. Kf2 Rh3 49. Ra5 Rxh4 50. Rxe5 Rh3 51. Re7+ Kf8 52. Re6 Kg7 53. Re7+ Kf8 54. Rd7 Ra3 55. Rd6 Kf7 56. Rf6+ Kg7 57. Rf3 Ra5 58. Rg3 Kf7 59. Kf3 Ke6 60. Kf4 Ra1 61. Rb3 Rf1+ 62. Ke3 Rg1 63. Rb6+ Ke5 64. Rxg6 Re1+ 65. Kf3 Rxe4 66. Rg8 Rf4+ 67. Kg3 Ra4 68. Rf8 Rb4 69. Kf3 Rb1 70. Kg4 Rg1+ 71. Kh5 Rh1+ 72. Kg6 Rg1 73. Kh6 Rh1+ 74. Kg7 Rg1 75. g6 Ke6 76. Rf7 Rg2 77. Ra7 Rg1 78. Kh7 Rh1+ 79. Kg8 Rg1 80. g7 Rh1 81. Kf8 Rf1+ 82. Ke8 Rg1 83. Ra6+ Ke5 84. Kf7 Rf1+ 85. Ke7 Rg1 86. Ra5+ Ke4 87. Kf6 Rf1+ 88. Kg6 1-0

[Event "Graz op-A 19th"]
[Site "Graz"]
[Date "2012.08.27"]
[Round "3"]
[White "Legenstein, Robert"]
[Black "Brem, Stephan"]
[Result "0-1"]
[WhiteElo "2048"]
[BlackElo "2131"]
[PlyCount "64"]
[EventDate "2012.08.25"]
[EventType "swiss"]
[EventRounds "9"]
[EventCountry "AUT"]
[SourceTitle "CBM 150 Extra"]
[Source "ChessBase"]
[SourceDate "2012.10.19"]
[SourceVersion "1"]
[SourceVersionDate "2012.10.19"]
[SourceQuality "1"]

1. e4 d6 2. d4 Nf6 3. Nc3 g6 4. f4 Bg7 5. Nf3 0-0 6. Bd3 Na6 7. 0-0 c5 8. d5 Bg4 9. Bc4 Nc7 10. h3 Bxf3 11. Qxf3 a6 12. a4 b6 13. Qd3 Qc8 14. Bd2 Rb8 15. Rab1 b5 16. axb5 axb5 17. Nxb5 Nxb5 18. Bxb5 Nxe4 19. Qxe4 Rxb5 20. Qxe7 Qf5 21. c4 Rxb2 22. Rxb2 Bxb2 23. Qxd6 Bd4+ 24. Kh1 Qd3 25. Rd1 Qe2 26. Rb1 Qxd2 27. Qc7 Re8 28. Kh2 Re2 29. Qc8+ Kg7 30. Qg4 h5 31. Qf3 Rf2 32. Qg3 Be3 0-1

[Event "Graz-chA"]
[Site "Graz"]
[Date "2012.01.14"]
[Round "2"]
[White "Wenger, Klaus"]
[Black "Legenstein, Robert"]
[Result "0-1"]
[WhiteElo "1984"]
[BlackElo "2043"]
[PlyCount "70"]
[EventDate "2012.01.13"]
[EventType "swiss"]
[EventRounds "7"]
[EventCountry "AUT"]
[SourceTitle "EXT 2013"]
[Source "ChessBase"]
[SourceDate "2012.11.22"]
[SourceVersion "1"]
[SourceVersionDate "2012.11.22"]
[SourceQuality "1"]

1. e4 c5 2. d4 cxd4 3. c3 dxc3 4. Nxc3 Nc6 5. Nf3 d6 6. Bc4 a6 7. 0-0 Nf6 8. e5 dxe5 9. Qxd8+ Nxd8 10. Nxe5 e6 11. Rd1 Be7 12. Be3 0-0 13. Be2 Nc6 14. Nc4 b5 15. Nb6 Rb8 16. Rac1 Bb7 17. Nd7 Nxd7 18. Rxd7 Rfe8 19. Bf3 Ne5 20. Bxb7 Nxd7 21. Bxa6 b4 22. Nb5 Nf6 23. Nc7 Rf8 24. Bc4 h6 25. Kf1 Bd6 26. Nb5 Rfd8 27. Nd4 Rdc8 28. h3 Be5 29. Ke2 Nd5 30. Kd2 Nxe3 31. fxe3 Rd8 32. Ke2 Bxd4 33. exd4 Rxd4 34. Bb3 Rbd8 35. Rc2 g6 0-1

[Event "Graz op-B"]
[Site "Graz"]
[Date "2006.09.23"]
[Round "8.10"]
[White "Legenstein, Robert"]
[Black "Zuchart, Manfred"]
[Result "1/2-1/2"]
[WhiteElo "1966"]
[BlackElo "1940"]
[PlyCount "26"]
[EventDate "2006.09.16"]
[EventType "swiss"]
[EventRounds "9"]
[EventCountry "AUT"]
[SourceTitle "EXT 2022"]
[Source "ChessBase"]
[SourceDate "2021.10.06"]
[SourceVersion "1"]
[SourceVersionDate "2021.10.06"]
[SourceQuality "1"]

1. e4 g6 2. d4 Bg7 3. Nc3 d6 4. f4 Nf6 5. Nf3 0-0 6. Bd3 Bg4 7. Be3 e5 8. dxe5 dxe5 9. h3 Bxf3 10. Qxf3 exf4 11. Bxf4 Nh5 12. Bd2 Qh4+ 13. Qf2 Qxf2+ 1/2-1/2

[Event "Graz op-B"]
[Site "Graz"]
[Date "2006.09.20"]
[Round "5.10"]
[White "Muhr, Andreas"]
[Black "Legenstein, Robert"]
[Result "1/2-1/2"]
[WhiteElo "1635"]
[BlackElo "1966"]
[PlyCount "103"]
[EventDate "2006.09.16"]
[EventType "swiss"]
[EventRounds "9"]
[EventCountry "AUT"]
[SourceTitle "EXT 2022"]
[Source "ChessBase"]
[SourceDate "2021.10.06"]
[SourceVersion "1"]
[SourceVersionDate "2021.10.06"]
[SourceQuality "1"]

1. e4 e5 2. Ne2 Nf6 3. Nbc3 d5 4. exd5 Nxd5 5. d4 Nxc3 6. bxc3 exd4 7. cxd4 Be7 8. a4 0-0 9. Ba3 Re8 10. Qd3 Bf6 11. Bb2 c5 12. 0-0-0 Nc6 13. dxc5 Bxb2+ 14. Kxb2 Qf6+ 15. Qc3 Qxf2 16. Nc1 Be6 17. Bb5 Red8 18. Nd3 Qh4 19. g3 Qg4 20. h3 Qf3 21. Rhf1 Qd5 22. Nb4 Qe4 23. Rf4 Qg2 24. Bf1 Qh1 25. Rd6 a5 26. Na2 Rxd6 27. cxd6 Qd5 28. Bc4 Qxd6 29. Bxe6 Qxe6 30. Qc4 Qd7 31. Qb5 Re8 32. Qd3 Qxd3 33. cxd3 Re3 34. Re4 Rxe4 35. dxe4 Kf8 36. Kc3 Ke7 37. Nc1 Kd6 38. Nd3 Ne5 39. Nf4 Kc5 40. g4 g6 41. Nd5 Nf3 42. Nf6 h6 43. Nd7+ Kd6 44. Nb6 Ne5 45. Kd4 Nc6+ 46. Kc4 Ke5 47. Nd7+ Kxe4 48. Nc5+ Ke3 49. Nxb7 f5 50. gxf5 gxf5 51. Nd6 f4 52. Nf5+ 1/2-1/2

[Event "Graz op-B"]
[Site "Graz"]
[Date "2006.09.19"]
[Round "4.4"]
[White "Legenstein, Robert"]
[Black "Bornet, Rene"]
[Result "0-1"]
[WhiteElo "1966"]
[BlackElo "1906"]
[PlyCount "80"]
[EventDate "2006.09.16"]
[EventType "swiss"]
[EventRounds "9"]
[EventCountry "AUT"]
[SourceTitle "EXT 2022"]
[Source "ChessBase"]
[SourceDate "2021.10.06"]
[SourceVersion "1"]
[SourceVersionDate "2021.10.06"]
[SourceQuality "1"]

1. e4 g6 2. d4 Bg7 3. Nc3 c6 4. f4 d5 5. e5 h5 6. Nf3 Bg4 7. Be3 e6 8. h3 Bxf3 9. Qxf3 Ne7 10. Bd3 Nd7 11. Ne2 Qb6 12. 0-0 Nf5 13. Bf2 0-0 14. Bxf5 exf5 15. c4 dxc4 16. d5 Qc7 17. d6 Qc8 18. Rfe1 Re8 19. Nd4 Nc5 20. Nxf5 Qxf5 21. Bxc5 b6 22. Bd4 Qd7 23. Rac1 b5 24. b3 cxb3 25. axb3 Rec8 26. Rc2 a5 27. Bb6 a4 28. b4 Bh6 29. g4 hxg4 30. hxg4 f6 31. Qd3 fxe5 32. Qxg6+ Bg7 33. Rxe5 Re8 34. Rce2 Rxe5 35. Rxe5 Qf7 36. Qxf7+ Kxf7 37. Re7+ Kf8 38. Ra7 Rxa7 39. Bxa7 Ke8 40. f5 a3 0-1

[Event "Graz op-B"]
[Site "Graz"]
[Date "2006.09.18"]
[Round "3.10"]
[White "Paulitsch, Karl"]
[Black "Legenstein, Robert"]
[Result "0-1"]
[WhiteElo "1796"]
[BlackElo "1966"]
[PlyCount "86"]
[EventDate "2006.09.16"]
[EventType "swiss"]
[EventRounds "9"]
[EventCountry "AUT"]
[SourceTitle "EXT 2022"]
[Source "ChessBase"]
[SourceDate "2021.10.06"]
[SourceVersion "1"]
[SourceVersionDate "2021.10.06"]
[SourceQuality "1"]

1. e4 c5 2. b3 Nc6 3. Bb2 d6 4. d3 Nf6 5. f4 e6 6. Nf3 g6 7. Be2 Bg7 8. 0-0 0-0 9. Nc3 Ng4 10. Qc1 Nd4 11. h3 Nxf3+ 12. Bxf3 Bd4+ 13. Kh1 e5 14. Nd1 Qh4 15. Bxd4 cxd4 16. Bxg4 Bxg4 17. Kg1 Bxd1 18. Qxd1 exf4 19. Qd2 Rac8 20. Rxf4 Rxc2 21. Qxc2 Qxf4 22. Rf1 Qe5 23. Qc7 Qb5 24. Qc4 Qc5 25. Qxc5 dxc5 26. Rf6 Rd8 27. g4 Kf8 28. Kf2 Ke7 29. g5 h6 30. h4 hxg5 31. hxg5 Rh8 32. Kg3 Rh1 33. Rf2 Rd1 34. Kf4 Rxd3 35. Ke5 Rg3 36. Kf4 Rc3 37. Ke5 Rg3 38. Kf4 Rc3 39. Ke5 d3 40. Rd2 b5 41. Kd5 c4 42. bxc4 bxc4 43. Kd4 Rc2 0-1

[Event "Graz op-B 12th"]
[Site "Graz"]
[Date "2005.09.04"]
[Round "2"]
[White "Scherr, Johann"]
[Black "Legenstein, Robert"]
[Result "0-1"]
[WhiteElo "1791"]
[BlackElo "1962"]
[PlyCount "38"]
[EventDate "2005.09.03"]
[EventType "swiss"]
[EventRounds "9"]
[EventCountry "AUT"]
[SourceTitle "EXT 2024"]
[Source "ChessBase"]
[SourceDate "2023.10.10"]
[SourceVersion "1"]
[SourceVersionDate "2023.10.10"]
[SourceQuality "1"]

1. e4 e5 2. Nf3 Nc6 3. Bc4 Nf6 4. d4 exd4 5. 0-0 Nxe4 6. Re1 d5 7. Bxd5 Qxd5 8. Nc3 Qa5 9. Rxe4+ Be6 10. Nxd4 0-0-0 11. Be3 Bc5 12. Qd2 Bxd4 13. Bxd4 Bf5 14. Rf4 g5 15. b4 Qxb4 16. Rxf5 Nxd4 17. Rxf7 Nf3+ 18. Rxf3 Rxd2 19. Re1 Rhd8 0-1